000 00753nam a2200241Ia 4500
003 OSt
005 20220923220606.0
006 a|||||r|||| 00| 0
007 ta
008 220922b |||||||| |||| 00| 0 hin d
024 _a187,807
037 _cTextual
040 _aARTS
_cARTS
_bhin
041 _2hin
_ahin
082 _aW,8, 152N7
100 _aकटारिया, सुरेन्द्र
245 0 _aसामाजिक प्रशासन
246 _aSāmājik prashāsana
260 _aजयपुर
_b आर बी एस ए प्रकाशन
_c1997
300 _a201 पृ.
_ccm.
942 _hW,8, 152N7
_cTEXL
_2CC
999 _c340884
_d340884